000 00312nam a22001337a 4500
020 _a978-1-292-14721-5
082 _a346.4207
100 _aMaclntyre, Ewan
245 _aEssentials of Business Law
250 _a6th
260 _aNew York:
_bPearson,
_c2018.
300 _axxxv, 504p.: Ill.; 25cm
942 _cBK
999 _c22131
_d22131